Statistiques concernant Expressions de la langue française utilisant le mot poing(s)

Cliquez ici pour prendre le quiz!

Statistiques générales

  • Ce quiz a été pris 73 fois
  • Le résultat moyen est 9 sur 11

Statistiques - réponses

ExpressionMot manquant% Correct
imposer sa volonté brutalement : taper du poing sur la ....table
100%
un pistolet est une.... de poingarme
97%
dormir à poings ....fermés
97%
pieds et poings ....liés
90%
se battre : faire le .... de poingcoup
84%
retenir sa colère : .....les poingsserrer
84%
arme que l'on passe aux doigts : poing ....américain
78%
poing .... (signe de lutte populaire)levé
69%
l'épervier est un ... de poingoiseau
69%
intervention militaire ou policière ponctuelle :.... coup de poingopération
62%
petit : .... comme le poinggros
43%

Distribution des résultats

Percentile par nombre de réponses

% des personnes avec chaque résultat

Votre développement - résultats

Vous n’avez pas pris ce quiz